000 00348nam a2200133Ia 4500
005 20260328104328.0
008 260328s9999||||xx |||||||||||||| ||und||
100 _aKristal, Marc
245 4 _aThe New old House, historic & Modern Architecture combined /
_cMarc Kristal
260 _bAbrams
300 _a239 p.
650 _aHISTORIA
942 _cBK
999 _c11591
_d11591